| 000 | 00403nam a2200145Ia 4500 | ||
|---|---|---|---|
| 008 | 230917s9999||||xx |||||||||||||| ||und|| | ||
| 040 |
_e51059 _aMAIN |
||
| 041 | _aEnglish | ||
| 082 | _a294.363 S73S | ||
| 100 | _aSeth, Ved | ||
| 245 | 0 | _aStudy of biographies of the Buddha: Based on Pali and Sanskrit sources | |
| 260 |
_aNew Delhi _bAkay Book Corporation _c1992 |
||
| 300 | _axx, 252 p. | ||
| 942 | _cBK | ||
| 999 |
_c65059 _d65059 |
||